| 000 | 01306nam a2200325 a 4500 | ||
|---|---|---|---|
| 001 | 00000214 | ||
| 003 | DO-SdBNP | ||
| 005 | 20160411131429.0 | ||
| 007 | 00000214 | ||
| 008 | 150130s2012 dr ac 000 0 spa d | ||
| 020 | _a9789945174083 | ||
| 040 |
_aBPMSU _bspa _cBPMSU |
||
| 092 |
_a372.7 _bM425e, 2do. 2012 |
||
| 245 | 0 | 0 |
_aMatemática 2 : _beducación básica / _ccolaboración Nurys González; dirección editorial Doris Arroba Jácome |
| 260 |
_aSanto Domingo : _bSM, _c2012. |
||
| 300 |
_a191 p. : _bil., retrs. ; _c29 cm. |
||
| 490 | 1 | _aProyecto Sé | |
| 505 | 1 |
_gunidad 1 -- _tCuenta hasta 100 -- _gunidad 2 -- _tA un metro de ti -- _gunidad 3 -- _tcírculo de amigos -- _gunidad 4 -- _tDos mitades -- _gunidad 5 -- _t¿Qué hora es? -- _gunidad 6 -- _tEl trío perfecto -- _gunidad 7 -- _tHelados de dos bolas -- _gunidad 8 -- _tTe doy la mitad -- |
|
| 650 |
_aMATEMÁTICAS _xENSEÑANZA BÁSICA |
||
| 650 |
_aMATEMÁTICAS _xENSEÑANZA ELEMENTAL |
||
| 650 |
_aEDUCACIÓN PRIMARIA _zREPÚBLICA DOMINICANA |
||
| 650 |
_aMATEMÁTICAS _xESTUDIOS Y EJERCICIOS |
||
| 650 | 4 |
_aMATEMÁTICAS _xLIBROS DE TEXTOS |
|
| 700 | 1 | _aGonzález, Nurys | |
| 700 | 1 | 2 |
_aArroba Jácome, Doris _eed. |
| 830 | 0 | _aProyecto Sé | |
| 910 | _aValidado.Control de calidad MFF | ||
| 942 |
_2ddc _cBK |
||
| 956 |
_aYLOCKWARD _b10 |
||
| 999 |
_c9477 _d9477 |
||